|
|
|
|
| LEADER |
00000nab a2200000 a 4500 |
| 001 |
vtls000269235 |
| 003 |
SK-MaSNL |
| 005 |
20260304061907.0 |
| 008 |
250422c1986 xo 0 slo |
| 015 |
|
|
|a SNBRB19rr/mm-uuuuu
|
| 035 |
|
|
|a CL0279349
|
| 035 |
|
|
|a urn:nbn:sk:snk-ab6uqy
|
| 035 |
|
|
|a (uuid)6c4ae87f-545a-4037-b001-e822b6489222
|
| 035 |
|
|
|a (urnnbn)urn:nbn:sk:snk:ar-a05zii
|
| 035 |
|
|
|a (sysno)vtls000269235
|
| 040 |
|
|
|a SNKBUCL
|b slo
|c SNKBUCL
|e AACR2
|
| 041 |
0 |
|
|a slo
|
| 044 |
|
|
|a xo
|c SK
|
| 080 |
|
|
|a 616.1-056.83
|2 1981
|
| 080 |
|
|
|a 613.81
|2 1981
|
| 100 |
1 |
|
|a Kollár, Jozef,
|d 1932-2018
|4 aut
|9 195277
|
| 245 |
1 |
0 |
|a Vplyv etamolu na myokard alkoholikov
|c J. Kollár, J. Kafka
|
| 300 |
|
|
|b Tb. 5. Graf 1. Res. rus., nem., angl., lit. 18 zázn. v slov.
|
| 650 |
0 |
7 |
|a myokard
|2 snkbucl
|9 14737
|
| 650 |
0 |
7 |
|a alkoholici
|2 snkbucl
|9 4881
|
| 650 |
0 |
7 |
|a etanol
|2 snkbucl
|9 16053
|
| 655 |
|
7 |
|a články z novín a časopisov
|2 snkbucl
|9 267496
|
| 700 |
1 |
|
|a Kafka, Jozef,
|d 1934-
|4 aut
|9 19332
|
| 773 |
0 |
|
|t Protialkoholický obzor
|g Roč. 21, č. 6 (1986), s. 333-340
|
| 850 |
|
|
|a Slovenská národná knižnica
|
| 852 |
|
|
|a Slovenská národná knižnica
|
| 954 |
|
|
|a odborná, vedecká literatúra pôvodná (slovenská)
|2 lita
|
| 958 |
|
|
|a article2022
|
| 958 |
|
|
|a NB
|
| 958 |
|
|
|a RK
|
| 958 |
|
|
|a MI
|
| 958 |
|
|
|a OND
|
| 958 |
|
|
|a EUIPO
|
| 992 |
|
|
|a RBX
|
| 999 |
|
|
|c 2735596
|d 2737526
|